000
00266 a2200109 4500
090
_c
1708
_d
1708
100
_a
Arnold J. Toynbee
245
_a
A Study of History
250
_a
Volumes i-vi
260
_a
National Book Foundation Islamabad
942
_a
NBS
_c
BK
_k
909 TOY
999
_c
344223
_d
344223